Bratislavskí výtvarníci zväzáci

Bibliographic Details
Main Author: Ľ. (Author)
Format: Article
Language:Slovak
PhysicalDescription:Obr. 1.
Subjects:

MARC

LEADER 00000nab a2200000 a 4500
001 vtls000126868
003 SK-MaSNL
005 20260305024213.0
008 250422c1982 xo 0 slo
015 |a SNBRB19rr/mm-uuuuu 
035 |a CL0136973 
035 |a urn:nbn:sk:snk-ab3en 
035 |a (urnnbn)urn:nbn:sk:snk:ar-0054ue 
035 |a (uuid)9dc687bf-67bc-4f1a-857c-f8074e38d7c4 
040 |a SNKBUCL  |b slo  |c SNKBUCL  |e AACR2 
041 0 |a slo 
044 |a xo  |c SK 
080 |a 73/76  |2 1981 
100 1 |a Ľ.  |4 aut  |9 901595 
245 1 0 |a Bratislavskí výtvarníci zväzáci  |c ľ. 
300 |b Obr. 1. 
650 0 7 |a výtvarníci  |2 snkbucl  |9 118705 
655 7 |a články z novín a časopisov  |2 snkbucl  |9 267496 
773 0 |t Výtvarný život  |g Roč. 27, č. 8 (1982), s. 30 
850 |a Slovenská národná knižnica 
852 |a Slovenská národná knižnica 
954 |a odborná, vedecká literatúra pôvodná (slovenská)  |2 lita 
957 |a 5100 
958 |a article27 
958 |a RK 
958 |a OND 
958 |a EUIPO 
992 |a RBX 
999 |c 3301039  |d 3302969